Catálogo
 En Linea
Vista normal Vista MARC

Entrada Nombre personal

Número de registros utilizados en: 2

001 - NÚMERO DE CONTROL

  • campo de control: 74810

003 - IDENTIFICADOR DEL NÚMERO DE CONTROL

  • campo de control: BNPHU

005 - FECHA Y HORA DE LA ÚLTIMA TRANSACCIÓN

  • campo de control: 20240704125435.0

008 - DATOS DE LONGITUD FIJA

  • campo de control de longitud fija: 200615|| aca||aabn | a|a d

040 ## - FUENTE DE LA CATALOGACIÓN

  • Centro catalogador/agencia de origen: DO-SdBNP
  • Lengua de catalogación: spa
  • Centro/agencia transcriptor: BNPHU
  • Normas de descripción: rda

046 ## - FECHAS CON CODIFICACIÓN ESPECIAL

  • Fecha de nacimiento: 1965-

100 1# - ENCABEZAMIENTO-NOMBRE DE PERSONA

  • Nombre de persona: Vicioso, Carlos,
  • Fechas asociadas al nombre: 1965-

370 ## - LUGAR ASOCIADO

  • Lugar de nacimiento: Santo Domingo (República Dominicana)

372 ## - CAMPO DE ACTIVIDAD

  • Campo de actividad: Licenciatura en Ciencias y Letras
  • Campo de actividad: Odontólogo / Odontopediatría (UASD)
  • Campo de actividad: Maestría y Diplomacia y Servicio Consular (INESDYC-MIREX)
  • Campo de actividad: Analista Internacional
  • Campo de actividad: Postgrado en Alta Administración Pública (INAP-Portugal)
  • Campo de actividad: Master en Gestión Empresarial, Especialidad en Planificación Empresarial,
  • Campo de actividad: Especialidad En Planificación y Estrategia Empresarial (Universidad Autónoma de Lisboa)
  • Campo de actividad: Estdio Inglés, Francés, Portugués, Alemán, Mandarin, Suéco y Castellano Antiguo.

374 ## - OCUPACIÓN

  • Ocupación: Fue Ministro Consejero en Portugal y en Austria
  • Ocupación: Actualmente Ministro Consejero en Suecia

670 ## - FUENTE DE DATOS ENCONTRADOS

  • Cita de la fuente: Work cat.: (OSt)46351: Vicioso, Carlos, 1965-, Yo, Rodrigo de siglos /, 2016.

670 ## - FUENTE DE DATOS ENCONTRADOS

  • Cita de la fuente: .Vicioso, Carlos. La tia Ágata . Santo Domingo : Rio de Oro, 2023. 272 p.
  • Identificador Uniforme del Recurso: https://swe.mirex.gob.do/pdf/bio/CARLOS%20ABELARDO%20VICIOSO%20SOLANO.pdf Consultado en 04 de julio de 2024

Con tecnología Koha